<?xml version="1.0" encoding="UTF-8"?>
<marc:record xmlns:marc="http://www.loc.gov/MARC21/slim">
   <marc:leader>00000nam a2200000 a 4500</marc:leader>
   <marc:datafield ind1="1" ind2=" " tag="100">
      <marc:subfield code="a">Hartley, Ned</marc:subfield>
      <marc:subfield code="4">aut</marc:subfield>
      <marc:subfield code="e">Verfasser/-in</marc:subfield>
   </marc:datafield>
   <marc:datafield ind1=" " ind2=" " tag="653">
      <marc:subfield code="a">Vorlesebücher</marc:subfield>
   </marc:datafield>
   <marc:datafield ind1=" " ind2=" " tag="653">
      <marc:subfield code="a">marvel superhelden lexikon</marc:subfield>
   </marc:datafield>
   <marc:datafield ind1=" " ind2=" " tag="653">
      <marc:subfield code="a">Sachbuch Kinder ab 8</marc:subfield>
   </marc:datafield>
   <marc:datafield ind1="0" ind2="0" tag="245">
      <marc:subfield code="a">Marvel: Superkräften auf der Spur</marc:subfield>
   </marc:datafield>
   <marc:datafield ind1="0" ind2="0" tag="245">
      <marc:subfield code="b">Das Marvel-Universum mit echter Wissenschaft erklärt!</marc:subfield>
   </marc:datafield>
   <marc:datafield ind1="0" ind2="0" tag="245">
      <marc:subfield code="c">Hartley, Ned</marc:subfield>
   </marc:datafield>
   <marc:datafield ind1=" " ind2="1" tag="264">
      <marc:subfield code="a">Hamburg</marc:subfield>
      <marc:subfield code="b">Nelson</marc:subfield>
      <marc:subfield code="c">2025</marc:subfield>
   </marc:datafield>
   <marc:datafield ind1="1" ind2=" " tag="490">
      <marc:subfield code="a">MARVEL</marc:subfield>
   </marc:datafield>
   <marc:datafield ind1=" " ind2=" " tag="250">
      <marc:subfield code="a">1. Auflage</marc:subfield>
   </marc:datafield>
   <marc:datafield ind1="1" ind2=" " tag="520">
      <marc:subfield code="a">Was würde passieren, wenn es die Helden und Heldinnen aus dem Marvel-Universum in der echten Welt geben würde?  &#xD;
Zu den Kräften der Superhelden und Superheldinnen lassen sich unzählige Fragen stellen, wie:  Könnte Spider-Man Wolkenkratzer erklimmen? Was steckt hinter dem Vibranium aus Wakanda? Könnte Iron Mans Rüstung nachgebaut werden?  &#xD;
In kindgerechten Fragen und Antworten treffen die Kräfte der Superhelden und Superheldinnen auf echte Wissenschaft  und ihre Grenzen. &#xD;
Die Geheimnisse des Marvel-Universums werden in diesem Buch mit Hilfe faszinierender Naturgesetze und moderner Technologien genau unter die Lupe genommen und auf spielerische, informative Weise für Kinder ab 6 Jahren erklärt.  &#xD;
Unter anderem werden die Superkräfte von Spider-Man, Miles Morales, Moon Girl, Iron Man, Captain America, Hulk, Black Panther, Ant-Man, Fantastic Four, X-Men, Professor X, Wolverine, Magneto, Thor, Guardians of the Galaxy, Captain Marvel, Thanos, Doctor Strange und Scarlet Witch genau betrachtet und von beeindruckende Marvel-Comic-Bildern begleitet, um die Informationen zum Leben zu erwecken. &#xD;
Eine unterhaltsame Reise in die Welt der Wissenschaft für neugierige Marvel-Fans!</marc:subfield>
   </marc:datafield>
   <marc:datafield ind1=" " ind2=" " tag="020">
      <marc:subfield code="a">9783845128047</marc:subfield>
      <marc:subfield code="9">9783845128047</marc:subfield>
   </marc:datafield>
   <marc:datafield ind1=" " ind2=" " tag="020">
      <marc:subfield code="a">3845128046</marc:subfield>
      <marc:subfield code="9">3845128046</marc:subfield>
   </marc:datafield>
   <marc:datafield ind1=" " ind2=" " tag="041">
      <marc:subfield code="a">ger</marc:subfield>
   </marc:datafield>
   <marc:datafield ind1=" " ind2=" " tag="300">
      <marc:subfield code="b">Farbig illustriert</marc:subfield>
   </marc:datafield>
   <marc:datafield ind1=" " ind2=" " tag="338">
      <marc:subfield code="a">Band</marc:subfield>
   </marc:datafield>
   <marc:datafield ind1=" " ind2=" " tag="300">
      <marc:subfield code="a">96 Seiten</marc:subfield>
   </marc:datafield>
</marc:record>
